Central Library OPAC University of Rajshahi

Paginas escogidas / (Record no. 57979)

MARC details
000 -LEADER
fixed length control field 00712nam a2200241 a 4500
001 - CONTROL NUMBER
control field 57979
003 - CONTROL NUMBER IDENTIFIER
rucl marc code BD-RjUL
005 - DATE AND TIME OF LATEST TRANSACTION
control field 20211209080554.0
008 - FIXED-LENGTH DATA ELEMENTS--GENERAL INFORMATION
fixed length control field 161212s1968 u eng
035 ## - SYSTEM CONTROL NUMBER
System control number (BD-RjUL)58103
System control number 2861657
040 ## - CATALOGING SOURCE
Original cataloging agency BD-RjUL
Language of cataloging eng
Transcribing agency BD-RjUL
041 ## - LANGUAGE CODE
Language code of text/sound track or separate title eng
082 ## - DEWEY DECIMAL CLASSIFICATION NUMBER
Edition number 23
Classification number 972.9109
Author mark and year QUP 1968
100 1# - MAIN ENTRY--PERSONAL NAME
Personal name Quesada, Gonzalo de
9 (RLIN) 172202
245 10 - TITLE STATEMENT
Title Paginas escogidas /
Statement of responsibility, etc. Gonzalo de Quesada
260 ## - PUBLICATION, DISTRIBUTION, ETC. (IMPRINT)
Place of publication, distribution, etc. Instituto del libro :
Name of publisher, distributor, etc. Ediciones Políticas,
Date of publication, distribution, etc. 1968.
300 ## - PHYSICAL DESCRIPTION
Pagination 384 p. ;
Size 21 cm.
490 ## - SERIES STATEMENT
Series statement Serie editorial de ciencias políticas.
650 ## - SUBJECT ADDED ENTRY--TOPICAL TERM
Topical term or geographic name as entry element Cuba
General subdivision History
9 (RLIN) 172203
830 ## - SERIES ADDED ENTRY--UNIFORM TITLE
Uniform title Serie editorial de ciencias políticas.
942 ## - ADDED ENTRY ELEMENTS (KOHA)
Source of classification or shelving scheme Dewey Decimal Classification
Koha item type Books
Holdings
Lost status Source of classification or shelving scheme Damaged status Not for loan Collection code Permanent Location Current Location Shelving location Date acquired Total Checkouts Full call number Date last seen Copy number Koha item type
  Dewey Decimal Classification   Not For Loan Non-fiction Central Library, University of Rajshahi Central Library, University of Rajshahi Reading Room 12/01/1970   972.9109 QUP 1968 12/12/2016 C-1 Books